00998 2200205 4500001002100000005001500021035002000036008004100056245006100097100001700158250000600175260003800181300001200219084001400231082000800245650001000253520050500263990001200768990001200780INLIS00000000000093120240531103843 a0010-0524000166240531 1 ind 1 aFire Heart; Legenda Palading Sang Pemburu /cAndry Chang aChang, Andry a1 aYogyakarta :bSheila/ Andi,c2008 a494 hlm a813 AND f a813 4aFiksi aBertahun-tahun yang lalu, Duke Walthron menemukan Robert kecil yang sebatang kara dan mendidiknya sebagai muridnya. Saat kunjungan ke Istana Marlham di Alceste, Robert bertemu Eloise, Putri Raja yang manja dan keras kepala. Cintapun besemi di hati kedua sejoli. Cinta yang terlarang. Robert bertekad menjadi seorang duke agar bisa meminang Eloise. Untuk itu dia harus berperang. Titik balik terjadi dalam hidup robert. Ia tak bisa lagi mengabdi di istana dan memutuskan untuk menjadi pemburu monster. a0741616 a0741617